| 000 | 01160nam a2200337 4500 | ||
|---|---|---|---|
| 999 |
_c24069 _d24069 |
||
| 001 | vtls011985698 | ||
| 005 | 20251118091956.0 | ||
| 008 | 200806s2020 xo e 010 f slo | ||
| 020 |
_a9788022210843 _q(viazané) |
||
| 040 |
_aTTKJF _bslo _cTTKJF _erda |
||
| 041 | 1 |
_aslo _hger |
|
| 044 |
_axo _cSK |
||
| 072 | 7 |
_a821.112.2-3 _xNemecká próza, nemecky písaná _2konspekt |
|
| 080 |
_a821.112.2-31 _22011 |
||
| 080 |
_a(0:82-312.4) _22011 |
||
| 100 | 1 |
_aFitzek, Sebastian, _d1971- _4aut _95293 |
|
| 240 | 1 | 4 |
_aDer Seelenbrecher _lSlovensky |
| 245 | 1 | 0 |
_aZlodej duší _cSebastian Fitzek ; z nemeckého originálu Der Seelenbrecher ... preložil Andrej Zahorák |
| 250 | _aVydanie 1. | ||
| 264 | 1 |
_aBratislava _bTatran _c2020 |
|
| 300 |
_a223 strán _c22 cm |
||
| 336 |
_atext _btxt _2rdacontent |
||
| 337 |
_abez média _bn _2rdamedia |
||
| 338 |
_azväzok _bnc _2rdacarrier |
||
| 490 | 1 |
_aMimo zákona _v24. zväzok |
|
| 655 | 7 |
_anemecké romány _2SNKPH _92380 |
|
| 655 | 7 |
_atrilery (romány) _2SNKPH _92135 |
|
| 655 | 7 |
_aGerman fiction _2SNKPHeng _92379 |
|
| 655 | 7 |
_aThrillers (novels) _2SNKPHeng _91722 |
|
| 700 | 1 |
_aZahorák, Andrej, _d1990- _4trl _92616 |
|